000 00294nam a22001337a 4500
008 221024b ||||| |||| 00| 0 eng d
041 _aeng
080 _a618
082 _a618 HYT
100 _a15
101 _aGINE
245 _aDIAGNOSTIC INDICES IN PREGNANCY
_cHYTTEN F
942 _2udc
_cBK
999 _c58664
_d58664